000 00367nam a2200109Ia 4500
008 240129s9999 xx 000 0 und d
100 _aSHARMA, NARENDRA
245 0 _aDEVELOPMENT OF A DECISION SUPPORT SYSTEM USING DATA MINING FOR WASTE MANAGEMENT IN INDIA
260 _bMEWAR UNIVERSITY, CHITTORGARH
_c2021
650 _aComputer Science & Engineering
942 _cTHE
999 _c218946
_d218946